Дело о переводе из Московского университета в Петербургскую медико-хирургическую академию студента В. Яхневича

Доступно только в Электронных читальных залах Найти на картеНа карте
RUSMARC
00004310nmc2a2200000 x 450
00137355177-8e87-4f9e-8918-050dd770e0db
00520151215121841.0
100##$a20150824l18321833k l0rusy0189 ca
1010#$arus
102##$aRU
2001#$aДело о переводе из Московского университета в Петербургскую медико-хирургическую академию студента В. Яхневича
$j25 июля 1832 г. - 23 июня 1833 г.
251##$cДело
300##$aДело
300##$aОриг. заголовок дела: Дело по представлению помощника попечителя Московского уебного округа о принятии в Медико-хирургическую академию для окончания наук стдента Московского медицинского иоститута Яхневича. Тут же об увольнении его из Московского университета со взносом денег. 25 июля 1832 г. - 23 июля 1833 г
801#0$aRU
$bРГИА
$c20150824
$gRCR
801#1$aRU
$bГлавНИВЦ
$c20150824
$2rusmarc
801#2$aRU
$bПБ им. Б.Н. Ельцина
$c20151215
$gRCR
$2rusmarc
850##$aРГИА
852##$aРГИА
$eФедеральное казенное учреждение "Российский государственный исторический архив" (РГИА)
$j286
937##$hРГИА
$d12091462
$aASBIBLIO_SCAN
462#0$100110dcdccd-ec79-4ee8-a204-b9d031b41c04
$12001
$aМедицинские дела Департамента народного просвещения
$1251
$cОпись
$1852
$j99
461#0$1001a74412a3-3cc5-4d21-8f0a-dfe2fbd9e72d
$12001
$aДепартамент народного просвещения Министерства народного просвещения
$1251
$cФонд
$1852
$j733
215##$a44 л.
$d36,5х26 см
371##$aДокумент не является опубликованным и широко распространяемым
5171#$aДело по представлению помощника попечителя Московского уебного округа о принятии в Медико-хирургическую академию для окончания наук стдента Московского медицинского иоститута Яхневича. Тут же об увольнении его из Московского университета со взносом денег. 25 июля 1832 г. - 23 июля 1833 г
105##$ay###
1222#$ad
035##$a37355177-8e87-4f9e-8918-050dd770e0db
Формат отображения